| 000 | 00916cam a2200253Ma 4500 | ||
|---|---|---|---|
| 005 | 20170502154828.0 | ||
| 008 | 170502s2012 xxua frb 001 0 eng d | ||
| 020 | _z9780415878074 | ||
| 020 | _z9780415878081 | ||
| 035 | _a(OCoLC)897424886 | ||
| 040 |
_aCO-BoUCM _bspa _cSandra Palacio _dSandra Palacio |
||
| 041 | 0 | _aeng | |
| 100 | 1 |
_aSchwartz-Shea, Peregrine _d1955- _985521 |
|
| 245 | 1 | 0 |
_aInterpretive research design _bconcepts and processes _cPeregrine Schwartz-Shea y Dvora Yanow |
| 260 |
_aNueva York (Estados Unidos) _bRoutledge _c2012 |
||
| 300 |
_axiv, 184 páginas _bilustraciones |
||
| 490 | 0 | _aRoutledge series on interpretive methods | |
| 650 | 1 | 7 |
_aInvestigación _xMetodología _939766 |
| 650 | 2 | 7 |
_aDiseño experimental _913390 |
| 690 |
_aInvestigación _917968 |
||
| 700 | 1 |
_aYanow, Dvora _975201 |
|
| 942 |
_2DEWEY _cLIBRO _a1 _e1 _h001.42 _mS399ir |
||
| 999 |
_c306390 _d306390 |
||